000 00318nam a2200109Ia 4500
008 220204s9999 xx 000 0 und d
082 _a809.12
_bBHA
100 _aBhharata Pisharodi, E P
245 0 _aKamadhenu: A compilation of lessons of 40 days course in Sanskrit
260 _aTrichur
_bKamadhenu
_c1978
942 _cBK
999 _c30197
_d30197